Landscape restoration, sustainable use, and cross-scale monitoring of biodiversity and ecosystem functions : (Record no. 264836)
[ view plain ]
| 000 -LEADER | |
|---|---|
| fixed length control field | 00800nam a22002177a 4500 |
| 003 - CONTROL NUMBER IDENTIFIER | |
| control field | OSt |
| 005 - DATE AND TIME OF LATEST TRANSACTION | |
| control field | 20250417100057.0 |
| 008 - FIXED-LENGTH DATA ELEMENTS--GENERAL INFORMATION | |
| fixed length control field | 250417b |||||||| |||| 00| 0 eng d |
| 020 ## - INTERNATIONAL STANDARD BOOK NUMBER | |
| International Standard Book Number | 9789942305534 |
| 040 ## - CATALOGING SOURCE | |
| Transcribing agency | RU |
| 050 ## - LIBRARY OF CONGRESS CALL NUMBER | |
| Classification number | QH541.15 .R45 |
| Item number | B393 2017 |
| 245 ## - TITLE STATEMENT | |
| Title | Landscape restoration, sustainable use, and cross-scale monitoring of biodiversity and ecosystem functions : |
| Remainder of title | science-directed approach for South Ecuador / |
| 260 ## - PUBLICATION, DISTRIBUTION, ETC. (IMPRINT) | |
| Place of publication, distribution, etc | Loja, Ecuador] : |
| Date of publication, distribution, etc | 2017 |
| 300 ## - PHYSICAL DESCRIPTION | |
| Extent | 206 pages : |
| Other physical details | billustrations, maps ; |
| 650 ## - SUBJECT ADDED ENTRY--TOPICAL TERM | |
| Topical term or geographic name as entry element | Restoration ecology |
| Geographic subdivision | Ecuador$zSouth. |
| Topical term or geographic name as entry element | Biodiversity conservation |
| Geographic subdivision | Ecuador South. |
| Topical term or geographic name as entry element | Sustainable development |
| Geographic subdivision | Ecuador. |
| Topical term or geographic name as entry element | Ecosystem services |
| Geographic subdivision | Ecuador. |
| 651 ## - SUBJECT ADDED ENTRY--GEOGRAPHIC NAME | |
| Geographic name | Ecuador, Southern |
| General subdivision | Environmental conditions. |
| 942 ## - ADDED ENTRY ELEMENTS (KOHA) | |
| Source of classification or shelving scheme | Library of Congress Classification |
| Koha item type | Long Loan Books |
| Withdrawn status | Lost status | Source of classification or shelving scheme | Damaged status | Not for loan | Collection code | Home library | Current library | Shelving location | Date acquired | Source of acquisition | Full call number | Barcode | Date last seen | Price effective from | Koha item type |
|---|---|---|---|---|---|---|---|---|---|---|---|---|---|---|---|
| Library of Congress Classification | Non-fiction | Rongo University Library | Rongo University Library | General Stacks | 17/04/2025 | Donated by Prof. Bendix | QH541.15 .R45 B393 2017 | 20180052 | 17/04/2025 | 17/04/2025 | Long Loan Books |
